| 000 | 01154nam2a22002411 4500 | ||
|---|---|---|---|
| 001 | v19\rc\1219209 | ||
| 005 | 20250617222805.0 | ||
| 035 | _a(NLR Aleph) 004381605 | ||
| 090 |
_a3633745 _c3633745 |
||
| 100 | _a20060306d1875 |||y0rusy50 ca | ||
| 101 | 0 | _arus | |
| 102 | _aRU | ||
| 105 | _ay z ||||| | ||
| 200 | 0 | _aТ. 1 | |
| 210 |
_d1875 _aБ. м. |
||
| 215 | _a[2], 352 с. старо-араб. паг. | ||
| 461 | 0 |
_1001v19\rc\1219208 _12001#$aАрабская хрестоматия$fСост. экстраорд. проф. В.Ф. Гиргас и доц. бар. В.Р. Розен. Вып. 1-2$vТ. 1$90 _1700#1$aГиргас$bВ. Ф.$f1835-1887$gВладимир Федорович$3RU\NLR\AUTH\770273943$4220 _93633736 _aГиргас, В.Ф. (1835-1887) _cСанкт-Петербург _d1875-1876 _fСост. экстраорд. проф. В.Ф. Гиргас и доц. бар. В.Р. Розен. Вып. 1-2 _nтип. Имп. Акад. наук _p2 т. _tАрабская хрестоматия _vТ. 1$90 |
|
| 801 | 0 |
_aRU _bNLR _gpsbo |
|
| 801 | 1 |
_aRU _bProSoft-M _2rusmarc |
|
| 852 |
_aNLR _bК _jр I-4865 |
||
| 942 | _cBOOK | ||
| 980 | _aNB | ||